| 000 | 00681nam a2200205 a 4500 | ||
|---|---|---|---|
| 001 | 000005217 | ||
| 005 | 20200929151618.0 | ||
| 008 | 090818s1984 sp 001 spa d | ||
| 020 | _a8400057937 | ||
| 040 | _aDO-SdBNP | ||
| 082 |
_axxx _bS467t |
||
| 100 | 1 |
_aSelles, Manuel A. _914897 |
|
| 245 | 1 | 0 |
_aEn torno a la génesis de la teoría especial de la relatividad / _cManuel A. Selles. |
| 260 |
_aMadrid, : _bConsejo Superior de Investigaciones Científicas, _c1984. |
||
| 300 |
_a107 p. ; _c18 cm. |
||
| 440 | 0 |
_aCuadernos galileo de historia de la ciencia _v2 _914898 |
|
| 500 | _aIncluye tabla de contenido | ||
| 500 | _aIncluye referencias bibliográficas | ||
| 049 | _aBNPD | ||
| 999 |
_c5018 _d5018 |
||